000 00482cam a2200193ua 4500
020 _c$12.6
041 _aeng
_h
082 _a928.22
_bSHA/SH
100 _aShakespeare, William .
245 _aShortlife of Shakespeare /
_cWilliam Shakespeare.
_hTextual Documents
250 _a /
_b.
260 _aLondon :
_bOxford at the Clarendon Press ,
_c1963.
300 _a260 ; .
365 _a$12.6
504 _a
650 _aBiography
942 _cBK
999 _c419
_d419